Vở bài tập tiếng Việt 2 T.1

Na minha lista:
Detalhes bibliográficos
Autor principal: Nguyễn, Minh Thuyết
Outros Autores: Trần, Mạnh Hưởng
Formato: Livro
Idioma:Undetermined
Publicado em: H. Giáo dục 2003
Assuntos:
Acesso em linha:http://lrc.tdmu.edu.vn/opac/search/detail.asp?aID=2&ID=4461
Tags: Adicionar Tag
Sem tags, seja o primeiro a adicionar uma tag!
Thư viện lưu trữ: Trung tâm Học liệu Trường Đại học Thủ Dầu Một
LEADER 00702nam a2200217Ia 4500
001 TDMU_4461
008 210410s9999 xx 000 0 und d
082 |a 372.6076 
090 |b NG525 
100 |a Nguyễn, Minh Thuyết 
245 0 |a Vở bài tập tiếng Việt 2 
245 0 |c Nguyễn Minh Thuyết 
245 0 |n T.1 
260 |a H. 
260 |b Giáo dục 
260 |c 2003 
300 |a 84tr 
650 |a Tiếng Việt  |x Giảng dạy và học tập; Sách lớp 2 
700 |a Trần, Mạnh Hưởng 
856 |u http://lrc.tdmu.edu.vn/opac/search/detail.asp?aID=2&ID=4461 
980 |a Trung tâm Học liệu Trường Đại học Thủ Dầu Một